Most Populous Maine Municipalities in 1830 - Statistics

General Stats
  • This quiz has been taken 2 times
  • The average score is 3 of 10
Answer Stats
Population County Status Municipality % Correct
12,598 Cumberland Town Portland
100%
3,773 Lincoln Town Bath
50%
3,547 Cumberland Town Brunswick
50%
3,219 York Town Saco
50%
3,238 Cumberland Town Westbrook
50%
3,980 Kennebec Town Augusta
0%
3,709 Kennebec Town Gardiner
0%
3,961 Kennebec Town Hallowell
0%
4,214 Lincoln Town Thomaston
0%
3,485 York Town York
0%
No matching quizzes found
Score Distribution
Percent of People with Each Score
Percentile by Number Answered
Your Score History
You have not taken this quiz